02026nam a2200289 a 4500001001000000003000900010005001700019007000300036008004100039040003100080082003500111110002800146240001800174245016300192260000600355264005900361300002800420336002700448337003300475338002800508505099900536650006001535650002301595650003501618700004701653710003601700000045355DO-SdBPM20260519122655.0ta111027s2011 dr 000 0 spa d aDO-SdBPMbspacBPMSU drda a344.7293092 bR426L, 20112221 aRepública Dominicana.10a[Leyes, etc.]10aLey general de archivos de la República Dominicana Nº. 481-08 y su reglamento de aplicación decreto nº. 129-10 /ceditor Juan Francisco Dominguez Novas  c  aSanto Domingo :bArchivo General de la Nación,c2011 a121 páginas ;c23 cm. atextobtxt2rdacontent asin mediaciónbn2rdamedia avolumenbnc2rdacarrier0 aPresentación, 7.-- Ley General de Archivos de la República Dominicana, No.481-08, 11.-- Título I / El Sistema Nacional de Archivos, 15.-- Definiciones, 15.-- Objeto y ámbito de la aplicación, 21.-- Sobre el Sistema Nacional de Archivos, 22.-- Título II / El Archivo General de la Nación, 25.-- Título III / Los archivos de la SNA, 33.-- Archivos públicos, 33.-- Archivos regionales, 36.-- Archivos privados, 39.-- Título IV / Órganos técnicos del AGN y el SNA, 41.-- De la Junta de Coordinación Técnica, 41.-- De la Comisión de Evaluación y Acceso e Fondos Documentales, 43.-- Título V / Normativas legales del uso de documentación, 46.-- Procesos archivísticos, 46.-- Acceso y consulta de los documentos, 47.-- Protección al Patrimonio Documental de la Nación, 48-- Título VI / Del régimen económico y financiero, 50.-- Título VII / Régimen de sanciones y disposiciones legales, 51.-- Régimen de sanciones, 51.-- Disposiciones finales, 54. 7aLegislación archivísticazRepública Dominicanav  7a Ley no. 481 -- 08 7aLeyes zRepública Dominicana1 a Dominguez Novas, Juan Francisco eeditor  aArchivo General de la Nación